000 00909nam a2200265Ia 4500
001 21961
005 20260320113329.0
008 260320s9999||||xx |||||||||||||| ||und||
020 _a9789972516160
041 _aESP
082 _a305.550985
_bH85
100 _aHuber, Ludwig,
_eAUT
245 0 _aDeconstruyendo el rombo :
_bconsideraciones sobre la nueva clase media en el Perú
246 _a
_5
_b
250 _aPrimera edición
260 _aLima :
_bIEP Instituto de Estudios Peruanos,
_c2017
300 _a150 páginas :
_bgráficos ;
_c21 cm.
_e
440 _a(Perú problema
_n; número 51)
_v
650 _aCIS
653 _aClase media - Perú; Clases sociales - Perú; Educación superior
654 _aCHU
700 _aLamas, Leonor,
_cAUT
856 _uhttps://0u20jme4p-y-https-www-jstor-org.itmsp.museknowledge.com/
_zVéase además: Base de datos JSTOR
942 _cLIB
_dJUS
_fMAT
_2ddc
_n
999 _c21961
_d21961